Tibetan renaissance: tantric buddhism in the rebirth of Tibetan culture (Record no. 4842)

MARC details
000 -LEADER
fixed length control field 00540nam a2200169Ia 4500
020 ## - INTERNATIONAL STANDARD BOOK NUMBER
ISBN 0-231-13471-1
082 ## - DEWEY DECIMAL CLASSIFICATION NUMBER
Classification number 294.392509515 DAV-T
100 ## - MAIN ENTRY--AUTHOR NAME
Personal name Davidson, Ronald M.
245 #0 - TITLE STATEMENT
Title Tibetan renaissance: tantric buddhism in the rebirth of Tibetan culture
260 ## - PUBLICATION, DISTRIBUTION, ETC. (IMPRINT)
Place of publication New York
Name of publisher Columbia University Press
Year of publication 2004
300 ## - PHYSICAL DESCRIPTION
Number of Pages xv, 596
504 ## - BIBLIOGRAPHY, ETC. NOTE
Bibliography, etc includes bibliographical references and index
650 ## - SUBJECT ADDED ENTRY--TOPICAL TERM
Topical Term Buddhism
Form subdivision History and criticism
650 ## - SUBJECT ADDED ENTRY--TOPICAL TERM
Topical Term Buddhism
Geographic subdivision China
-- Tibet
650 ## - SUBJECT ADDED ENTRY--TOPICAL TERM
Topical Term Tantric Buddhism
Geographic subdivision China
-- Tibet
942 ## - ADDED ENTRY ELEMENTS (KOHA)
Koha item type Books
Holdings
Withdrawn status Lost status Damaged status Not for loan Home library Current library Date acquired Source of acquisition Bill Date Full call number Accession Number Price effective from Koha item type
        NASSDOC Library NASSDOC Library 21/03/2006 OP 2006-03-06 294.392509515 DAV-T 41583 18/04/2019 Books